Adiós al cine: bienvenida la cinefilia. La cultura cinematográfica en transición
Guardado en:
| Autor principal: | |
|---|---|
| Formato: | Libro |
| Lenguaje: | español |
| Publicado: |
Buenos Aires
Monte Hermoso Ediciones
2018
|
| Edición: | 1a. ed |
| Materias: | |
| Etiquetas: |
Agregar Etiqueta
Sin Etiquetas, Sea el primero en etiquetar este registro!
|
MARC
| LEADER | 00000cam a2200000 a 4500 | ||
|---|---|---|---|
| 001 | UCC9967 | ||
| 003 | CL-VaPUC | ||
| 005 | 20220913074556.0 | ||
| 008 | 191129e20180000ag spa d | ||
| 020 | |a 9789874649331 | ||
| 082 | 0 | 4 | |a 791.43 |b ROS |2 21 |
| 100 | 1 | |a Rosenbaum, Jonathan |e author |9 605272 | |
| 245 | 1 | 0 | |a Adiós al cine: bienvenida la cinefilia. La cultura cinematográfica en transición |
| 250 | |a 1a. ed | ||
| 260 | |a Buenos Aires |b Monte Hermoso Ediciones |c 2018 | ||
| 300 | |a 575 p | ||
| 583 | |a last modification |c 20191129 11:37:00 |k cmena | ||
| 650 | 0 | 0 | |a Ensayos |9 268724 |
| 650 | 0 | 0 | |a Crítica de cine |9 267411 |
| 650 | 0 | 0 | |a Directores de cine |9 368705 |
| 942 | |c BK | ||
| 945 | |a dcastane |d 20191129 11:37:00 | ||
| 999 | |c 292553 |d 292551 | ||
| 952 | |0 0 |1 0 |3 erb |4 0 |6 791_430000000000000_ROS_2018 |7 0 |8 A |9 495575 |a BIBART |b BIBART |d 2019-11-22 |e 4 |g 25000.00 |i 5566088 |o 791.43 ROS 2018 |p 5566088 |r 2023-01-11 |w 2020-01-06 |y BK |z Catalogado en:20191129 |k ART | ||